| 000 | 00646nam a22001697a 4500 | ||
|---|---|---|---|
| 005 | 20251108164932.0 | ||
| 008 | 250721s1989 xx 000 0 ara d | ||
| 082 | 1 | 4 | _a653.41/إخت |
| 100 | 1 | _aأبو نا، يوحنا يعقوب | |
| 245 | 1 | 0 |
_aالإختزال باللغة العربية : _bطريقة الفراهيدي : تمارين في السرعة / |
| 264 | 1 |
_aبغداد : _bوزارة التخطيط - الهيئة الفنية للإختزال باللغة العربية، _c1989. |
|
| 300 | _a203ص | ||
| 650 | 1 | 7 | _aالكتابة المختزلة |
| 650 | 1 | 7 | _aاللغة العربية |
| 942 |
_2ddc _cBK |
||
| 999 |
_c17853 _d17853 |
||